Catalogue of fitted sanitary appliances
Guardat en:
| Autor corporatiu: | |
|---|---|
| Format: | Llibre |
| Idioma: | anglès |
| Publicat: |
Londres
Doulton
1911
|
| Matèries: | |
| Etiquetes: |
Afegir etiqueta
Sense etiquetes, Sigues el primer a etiquetar aquest registre!
|
MARC
| LEADER | 00000nam a2200000 a 4500 | ||
|---|---|---|---|
| 001 | UCV9044 | ||
| 003 | CL-VaPUC | ||
| 008 | 920424e19110000UK |||||||||||||||||eng|d | ||
| 082 | 0 | 4 | |a 691.182 |b ROY |2 21 |
| 110 | 2 | |a Royal Doulton Potteries |e author |9 303037 | |
| 245 | 1 | 0 | |a Catalogue of fitted sanitary appliances |
| 300 | |a 191 p | ||
| 942 | |c BK | ||
| 945 | |d 19920424 00:00:00 | ||
| 260 | |a Londres |b Doulton |c 1911 | ||
| 650 | 0 | |a Artefactos sanitarios |9 267519 | |
| 583 | |a last modification |c 19920424 00:00:00 |k Rodrigo Vera | ||
| 999 | |c 214441 |d 214439 | ||
| 952 | |0 0 |1 0 |4 0 |6 691_182000000000000_ROY_1911 |7 0 |8 P |9 197792 |a BIBARQ |b BIBARQ |d 2019-11-14 |i 2654490 |o 691.182 ROY 1911 |p 2654490 |r 2025-01-20 |w 2019-11-14 |y BK |k ARQ | ||